Murdered mothers, missing wives: reconsidering female victimization /
sin resumen
Guardat en:
| Autor principal: | |
|---|---|
| Altres autors: | |
| Format: | Text |
| Matèries: | |
| Etiquetes: |
Afegir etiqueta
Sense etiquetes, Sigues el primer a etiquetar aquest registre!
|
MARC
| LEADER | 00000 a a2200000 04500 | ||
|---|---|---|---|
| 001 | 18195 | ||
| 003 | |||
| 040 | |||
| 100 | |a Humphries, Drew | ||
| 245 | |a Murdered mothers, missing wives: |b reconsidering female victimization / |c Drew Humphries ; Susan Caringella-MacDonald | ||
| 520 | |a sin resumen | ||
| 650 | |a MUJERES | ||
| 650 | |a HOMICIDIO | ||
| 650 | |a VIOLENCIA | ||
| 700 | |a Caringella-MacDonald, Susan | ||
| 773 | |g volumen 17, número 2; páginas 71-89 | ||
| 999 | |c 36373 |d 36373 | ||
| 773 | 0 | |0 43965 |9 6307 |a University of California. |d California: University of California. Merrill College. Social Justice a/c Global Options, 1974- |o MFN: 1735 |t Social Justice / |x 00947571 | |
